Fruit by Picture - Statistics

General Stats
  • This quiz has been taken 144 times
  • The average score is 14 of 15
Answer Stats
Picture Answer % Correct
Banana
100%
Kiwi
100%
Apple
99%
Lemon
97%
Blueberry
96%
Orange
96%
Strawberry
96%
Grape
94%
Lime
94%
Tomato
91%
Blackberry
90%
Pineapple
88%
Watermelon
87%
Raspberry
83%
Dragon Fruit
78%
No matching quizzes found
Score Distribution
Percent of People with Each Score
Percentile by Number Answered
Your Score History
You have not taken this quiz